|
|
|
|
| LEADER |
00000nam1a2200000 4500 |
| 001 |
285041 |
| 005 |
20231031233906.0 |
| 035 |
|
|
|a (RuTPU)RU\TPU\book\309240
|
| 090 |
|
|
|a 285041
|
| 100 |
|
|
|a 20150219d18961914k y0rusy50 ca
|
| 101 |
0 |
|
|a rus
|
| 102 |
|
|
|a RU
|
| 200 |
1 |
|
|a Геологические исследования и разведочные работы по линии Сибирской железной дороги
|d Explorations geologiques et minieres le long du Chemin de fer de Siberie
|e в 32 вып.
|
| 210 |
|
|
|a Санкт-Петербург
|c Типо-Литография К. Биркенфельда
|c Типография М. М. Стасюлевича
|d 1896-1914
|
| 510 |
1 |
|
|a Explorations geologiques et minieres le long du Chemin de fer de Siberie
|z fre
|
| 801 |
|
1 |
|a RU
|b 63413507
|c 20150219
|
| 801 |
|
2 |
|a RU
|b 63413507
|c 20170519
|g RCR
|
| 942 |
|
|
|c BK
|